000 00655nam a2200229Ia 4500
003 OSt
005 20230602110110.0
008 210423s2015 xx 000 0 und d
020 _a978-93-82156-04-8
040 _cAL
041 _aeng
082 _a306.81 GANC
100 _aGANDHI (Priyanka S)
_9118628
245 _aConcept of marriage system in Indian and American society
260 _aNew Delhi
_bSrishti Book Distributors
_c2015
300 _aix,115
_bHB
365 _b600
_cINR
650 _aCulture
_9118629
650 _aSocial Sciences
_9118630
906 _aAmerican ; Concept ; Indian ; marriage ; society ; system
942 _2ddc
_cBK
999 _c176461
_d176461